Statistics for Every Island I Have Been On

Click here to take the quiz!

General Stats

  • This quiz has been taken 36 times
    (7 since last reset)
  • The average score is 3 of 9

Answer Stats

AreaClueIslandState% Correct
0.03PrisonAlcatrazCA
80%
1,376BrooklynLongNY
80%
22.8Central ParkManhattanNY
80%
1.2Immigration StationAngelCA
20%
339ChathamCape CodMA
0%
0.6Thomas Jefferson MemorialEast Potomac ParkDC
0%
108Acadia National ParkMount DesertME
0%
0.8Wentworth by the SeaNew CastleNH
0%
97Channel Islands NPSanta CruzCA
0%

Score Distribution

Percentile by Number Answered

Percent of People with Each Score

Your Score History

You have not taken this quiz since the last reset